INDIAN PHARMACOPOEIA 2018 (Record no. 16094)

MARC details
000 -LEADER
fixed length control field 00354nam a22001457a 4500
003 - CONTROL NUMBER IDENTIFIER
control field SGT
020 ## - INTERNATIONAL STANDARD BOOK NUMBER
International Standard Book Number 978-93-81238-15-8
082 ## - DEWEY DECIMAL CLASSIFICATION NUMBER
Classification number 615
Item number I18G
100 ## - MAIN ENTRY--PERSONAL NAME
Personal name GOVT OF INDIA , MINISTRY OF HEALTH & FAMILY WALFARE
245 ## - TITLE STATEMENT
Title INDIAN PHARMACOPOEIA 2018
260 ## - PUBLICATION, DISTRIBUTION, ETC. (IMPRINT)
Place of publication, distribution, etc GAZIABAD
Name of publisher, distributor, etc IPC(CSIR)
Year of Publication 2018
300 ## - PAGE DESCRIPTION
No. of Pages 1-101
650 ## - SUBJECT ADDED ENTRY--TOPICAL TERM
Topical term or geographic name as entry element PHARMACY
942 ## - ADDED ENTRY ELEMENTS (KOHA)
Source of classification or shelving scheme Dewey Decimal Classification
Koha item type Books
Holdings
Withdrawn status Lost status Source of classification or shelving scheme Damaged status Use restrictions Not for loan Collection code Home library Current library Shelving location Date acquired Vendor Name Cost, normal purchase price Volume Information (Serial or Books or Non-Book Material) SGTU Bill Number Full call number Accession No. (Barcode) Date last seen Bill Date Koha item type
    Dewey Decimal Classification   Restricted Access   PHARMACY SGT FA-FP Library SGT FA-FP Library Reference Book 22/09/2018 AHUJA PUB 55000.00 1 SGTU 10139 615 I18G FP3044 22/09/2018 15/09/2018 Books